000 00431nam a22001697a 4500
005 20180813123820.0
008 160513b xxu||||| |||| 00| 0 eng d
020 _a81-7929-090-5
041 _aeng
082 _b2073
_a658.3
100 _aShashi Kapoor
_9583
245 _aTraining and Development :the human resources
260 _aNew Delhi
_bInfinity books,
_c2004
300 _a412p,
650 _aManagement
_9241
942 _cBK
999 _c755
_d755